Lắp ráp và cài đặt máy vi tính T.2
TI089
Guardat en:
| Autor principal: | |
|---|---|
| Altres autors: | |
| Format: | Llibre |
| Idioma: | Undetermined |
| Publicat: |
Tp.HCM
Đại học quốc gia Tp.HCM
2008
|
| Matèries: | |
| Accés en línia: | http://lrc.tdmu.edu.vn/opac/search/detail.asp?aID=2&ID=3374 |
| Etiquetes: |
Afegir etiqueta
Sense etiquetes, Sigues el primer a etiquetar aquest registre!
|
| Thư viện lưu trữ: | Trung tâm Học liệu Trường Đại học Thủ Dầu Một |
|---|
| LEADER | 00815nam a2200229Ia 4500 | ||
|---|---|---|---|
| 001 | TDMU_3374 | ||
| 008 | 210410s9999 xx 000 0 und d | ||
| 082 | |a 004.16028 | ||
| 090 | |b T685 | ||
| 100 | |a Trần, Thành Trí | ||
| 245 | 0 | |a Lắp ráp và cài đặt máy vi tính | |
| 245 | 0 | |c Trần Thành Trí, Tiêu Đông Nhơn, Hồ Viết Quang Thạch, Cao Hoàng Anh Tuấn | |
| 245 | 0 | |n T.2 | |
| 260 | |a Tp.HCM | ||
| 260 | |b Đại học quốc gia Tp.HCM | ||
| 260 | |c 2008 | ||
| 300 | |a 253tr. | ||
| 520 | |a TI089 | ||
| 650 | |a Máy tính |x Lắp đặt; Máy tính |x Dạy và học | ||
| 700 | |a Tiêu Đông Nhơn | ||
| 856 | |u http://lrc.tdmu.edu.vn/opac/search/detail.asp?aID=2&ID=3374 | ||
| 980 | |a Trung tâm Học liệu Trường Đại học Thủ Dầu Một | ||